书目信息 |
| 题名: |
香乘
|
|
| 作者: | 周嘉胄, 撰 | |
| 分册: | 二 | |
| 出版信息: | 北京 中國書店 2018 |
|
| 页数: | 456页 | |
| 开本: | 27cm | |
| 丛书名: | 欽定四庫全書 | |
| 单 册: | ||
| 中图分类: | TQ65 | |
| 科图分类: | ||
| 主题词: | 香料--xiang liao--文化--中国--古代 | |
| 电子资源: | ||
| ISBN: | 978-7-5149-1003-2 | |
| 000 | 01225cam 2200289 45 | |
| 001 | 012001002118 | |
| 005 | 20191121110300.92 | |
| 010 | @a978-7-5149-1003-2@dCNY80.00 | |
| 099 | @aCAL 012014068584 | |
| 100 | @a20140603d2014 em y0chiy50 ea | |
| 101 | 0 | @achi |
| 102 | @aCN@b110000 | |
| 105 | @ay z 000yy | |
| 106 | @ar | |
| 200 | 1 | @a香乘@Axiang cheng@h二@f(明) 周嘉胄撰@F( Ming) Zhou Jia Zhou Zhuan@PMZJZZ |
| 210 | @a北京@c中國書店@d2018 | |
| 215 | @a456页@d27cm | |
| 225 | 2 | @a欽定四庫全書@Aqin ding si ku quan shu |
| 225 | 2 | @a四庫全書@Asi ku quan shu@i藝術類 |
| 330 | @a本书包括香品五卷、佛藏诸香一卷、宫掖诸香一卷、香异一卷、香事分类二卷、香事别录二卷、香绪余一卷、法和众妙香四卷、凝合花香一卷、熏佩之香涂传之香共一卷、香属一卷、印香方一卷、印香图一卷、晦斋香谱一卷、墨娥小录香谱一卷、猎香新谱一卷、香炉一卷、香诗香文各一卷,采摭极为繁富。周嘉胄殚20余年之力,方成此编,凡香之名品、故实以及修合、赏鉴诸法,无不旁征博引,一一记载。 | |
| 410 | 0 | @12001@@a欽定四庫全書 |
| 410 | 0 | @12001@@a四庫全書@i藝術類 |
| 606 | 0 | @a香料@Axiang liao@x文化@y中国@z古代 |
| 690 | @aTQ65@v5 | |
| 701 | 0 | @a周嘉胄,@Azhou jia zhou@f1582-1658@4撰 |
| 801 | 0 | @aCN@b北京卓展@c20191020 |
| 905 | @b1203166-7@dTQ65@e79:2@f2 | |
| 香乘.二/(明) 周嘉胄撰.-北京:中國書店,2018 |
| 456页;27cm.-(欽定四庫全書).-(四庫全書.藝術類) |
| ISBN 978-7-5149-1003-2:CNY80.00 |
| 本书包括香品五卷、佛藏诸香一卷、宫掖诸香一卷、香异一卷、香事分类二卷、香事别录二卷、香绪余一卷、法和众妙香四卷、凝合花香一卷、熏佩之香涂传之香共一卷、香属一卷、印香方一卷、印香图一卷、晦斋香谱一卷、墨娥小录香谱一卷、猎香新谱一卷、香炉一卷、香诗香文各一卷,采摭极为繁富。周嘉胄殚20余年之力,方成此编,凡香之名品、故实以及修合、赏鉴诸法,无不旁征博引,一一记载。 |
| ● |
| 相关链接 |
|
|
|
|
正题名:香乘
索取号:TQ65/79:2
 
预约/预借
| 序号 | 登录号 | 条形码 | 馆藏地/架位号 | 状态 | 备注 |
| 1 | 1203166 | 212031665 | 第二样本阅览室/ [索取号:TQ65/79:2] | 在馆 | |
| 2 | 1203167 | 212031674 | 第三借阅区/ [索取号:TQ65/79:2] | 在馆 |